000 00342 a2200169 4500
001 164498
020 _a85-250-0822-2
040 _cMagnum
100 _aReis, Roberto Esser Dos
240 1 0 _aEsqueleto
_lpor
245 1 0 _aEsqueleto
300 _a63
362 0 _a1990
440 1 _aGlobo
697 _aCIÊNCIAS NATURAIS
942 _cBK
999 _c164498
_d164498